000 01007cam a2200229 4500
001 WB3714-14
008 000000n2001 000 0 eng u
035 _a(Sirsi) u111813
245 _aGreenhouse gases stored in oceans and rocks
260 _c2001
490 _aScotsman
_v 3 April 2001, 7(1)
520 _aGreenhouse gases could be stored in oceans or converted into rocks and help tackle global warming. Carbon sequestration would buy time for the environment while alternative sources of energy are developed. An NERC spokesman comments that American scientists are seeking ways to speed up a process that in nature takes 1000s of years and to do it on a large scale.
590 _aWB
650 _aCARBON SEQUESTRATION
650 _aGLOBAL WARMING
650 _aCARBON DIOXIDE EMISSIONS
650 _aFOSSIL FUELS
650 _aALTERNATIVE ENERGY
650 _aENVIRONMENTALLY FRIENDLY
690 _aENVIRONMENTAL AND LAND CONSULTANCY-ENERGY-ENERGY USE-ENERGY EFFICIENCY
942 _n0
999 _c66623
_d66623